<?xml version="1.0" encoding="UTF-8"?>
<record
    xmlns:xsi="http://www.w3.org/2001/XMLSchema-instance"
    xsi:schemaLocation="http://www.loc.gov/MARC21/slim http://www.loc.gov/standards/marcxml/schema/MARC21slim.xsd"
    xmlns="http://www.loc.gov/MARC21/slim">

  <leader>00609nam a22002057a 4500</leader>
  <datafield tag="999" ind1=" " ind2=" ">
    <subfield code="c">5009</subfield>
    <subfield code="d">5009</subfield>
  </datafield>
  <controlfield tag="001">11395</controlfield>
  <controlfield tag="003">BD-DhUAP</controlfield>
  <controlfield tag="005">20201129145954.0</controlfield>
  <controlfield tag="008">201126s2008    si a|||| |||| 001 0 eng d</controlfield>
  <datafield tag="040" ind1=" " ind2=" ">
    <subfield code="a">BD-DhUAP</subfield>
    <subfield code="b">Eng</subfield>
    <subfield code="c">BD-DhUAP</subfield>
    <subfield code="d">BD-DhUAP</subfield>
  </datafield>
  <datafield tag="082" ind1=" " ind2=" ">
    <subfield code="2">23</subfield>
    <subfield code="a">615.1 MIM </subfield>
  </datafield>
  <datafield tag="245" ind1=" " ind2=" ">
    <subfield code="a">MIMS :</subfield>
    <subfield code="b">Bangladesh index of medical specialties / </subfield>
    <subfield code="c">edited by Nurul Islam ... [et al.].</subfield>
  </datafield>
  <datafield tag="250" ind1=" " ind2=" ">
    <subfield code="a">19th ed.</subfield>
  </datafield>
  <datafield tag="260" ind1=" " ind2=" ">
    <subfield code="a">Dhaka, Bangladesh :</subfield>
    <subfield code="b">PharmaMedica, </subfield>
    <subfield code="c">c2008.</subfield>
  </datafield>
  <datafield tag="300" ind1=" " ind2=" ">
    <subfield code="a">448 pages :</subfield>
    <subfield code="b">illustrations ;</subfield>
    <subfield code="c">21 cm. </subfield>
  </datafield>
  <datafield tag="500" ind1=" " ind2=" ">
    <subfield code="a">Includes index.</subfield>
  </datafield>
  <datafield tag="650" ind1=" " ind2=" ">
    <subfield code="a">Drugs. </subfield>
  </datafield>
  <datafield tag="700" ind1=" " ind2=" ">
    <subfield code="a">Islam, Nurul. </subfield>
  </datafield>
  <datafield tag="942" ind1=" " ind2=" ">
    <subfield code="2">ddc</subfield>
    <subfield code="c">BK</subfield>
  </datafield>
  <datafield tag="952" ind1=" " ind2=" ">
    <subfield code="0">0</subfield>
    <subfield code="1">0</subfield>
    <subfield code="2">ddc</subfield>
    <subfield code="4">0</subfield>
    <subfield code="7">0</subfield>
    <subfield code="a">UAPCL</subfield>
    <subfield code="b">UAPCL</subfield>
    <subfield code="c">General Stacks</subfield>
    <subfield code="d">2020-11-26</subfield>
    <subfield code="o">615.1 MIM</subfield>
    <subfield code="p">3010011395</subfield>
    <subfield code="r">2020-11-26</subfield>
    <subfield code="t">1</subfield>
    <subfield code="w">2020-11-26</subfield>
    <subfield code="y">BK</subfield>
  </datafield>
  <datafield tag="952" ind1=" " ind2=" ">
    <subfield code="0">0</subfield>
    <subfield code="1">0</subfield>
    <subfield code="2">ddc</subfield>
    <subfield code="4">0</subfield>
    <subfield code="7">0</subfield>
    <subfield code="a">UAPCL</subfield>
    <subfield code="b">UAPCL</subfield>
    <subfield code="c">General Stacks</subfield>
    <subfield code="d">2020-11-26</subfield>
    <subfield code="o">615.1 MIM</subfield>
    <subfield code="p">3010011396</subfield>
    <subfield code="r">2020-11-26</subfield>
    <subfield code="t">2</subfield>
    <subfield code="w">2020-11-26</subfield>
    <subfield code="y">BK</subfield>
  </datafield>
  <datafield tag="952" ind1=" " ind2=" ">
    <subfield code="0">0</subfield>
    <subfield code="1">0</subfield>
    <subfield code="2">ddc</subfield>
    <subfield code="4">0</subfield>
    <subfield code="7">0</subfield>
    <subfield code="a">UAPCL</subfield>
    <subfield code="b">UAPCL</subfield>
    <subfield code="c">General Stacks</subfield>
    <subfield code="d">2020-11-26</subfield>
    <subfield code="l">1</subfield>
    <subfield code="o">615.1 MIM</subfield>
    <subfield code="p">3010012067</subfield>
    <subfield code="r">2024-09-22</subfield>
    <subfield code="s">2024-09-19</subfield>
    <subfield code="t">3</subfield>
    <subfield code="w">2020-11-26</subfield>
    <subfield code="y">BK</subfield>
  </datafield>
  <datafield tag="952" ind1=" " ind2=" ">
    <subfield code="0">0</subfield>
    <subfield code="1">0</subfield>
    <subfield code="2">ddc</subfield>
    <subfield code="4">0</subfield>
    <subfield code="7">0</subfield>
    <subfield code="a">UAPCL</subfield>
    <subfield code="b">UAPCL</subfield>
    <subfield code="c">General Stacks</subfield>
    <subfield code="d">2020-11-26</subfield>
    <subfield code="o">615.1 MIM</subfield>
    <subfield code="p">3010012064</subfield>
    <subfield code="r">2020-11-26</subfield>
    <subfield code="t">4</subfield>
    <subfield code="w">2020-11-26</subfield>
    <subfield code="y">BK</subfield>
  </datafield>
  <datafield tag="952" ind1=" " ind2=" ">
    <subfield code="0">0</subfield>
    <subfield code="1">0</subfield>
    <subfield code="2">ddc</subfield>
    <subfield code="4">0</subfield>
    <subfield code="7">0</subfield>
    <subfield code="a">UAPCL</subfield>
    <subfield code="b">UAPCL</subfield>
    <subfield code="c">General Stacks</subfield>
    <subfield code="d">2020-11-26</subfield>
    <subfield code="o">615.1 MIM</subfield>
    <subfield code="p">3010011393</subfield>
    <subfield code="r">2020-11-26</subfield>
    <subfield code="t">5</subfield>
    <subfield code="w">2020-11-26</subfield>
    <subfield code="y">BK</subfield>
  </datafield>
  <datafield tag="952" ind1=" " ind2=" ">
    <subfield code="0">0</subfield>
    <subfield code="1">0</subfield>
    <subfield code="2">ddc</subfield>
    <subfield code="4">0</subfield>
    <subfield code="7">0</subfield>
    <subfield code="a">UAPCL</subfield>
    <subfield code="b">UAPCL</subfield>
    <subfield code="c">General Stacks</subfield>
    <subfield code="d">2020-11-26</subfield>
    <subfield code="o">615.1 MIM</subfield>
    <subfield code="p">3010011392</subfield>
    <subfield code="r">2020-11-26</subfield>
    <subfield code="t">6</subfield>
    <subfield code="w">2020-11-26</subfield>
    <subfield code="y">BK</subfield>
  </datafield>
  <datafield tag="952" ind1=" " ind2=" ">
    <subfield code="0">0</subfield>
    <subfield code="1">0</subfield>
    <subfield code="2">ddc</subfield>
    <subfield code="4">0</subfield>
    <subfield code="7">0</subfield>
    <subfield code="a">UAPCL</subfield>
    <subfield code="b">UAPCL</subfield>
    <subfield code="c">General Stacks</subfield>
    <subfield code="d">2020-11-26</subfield>
    <subfield code="o">615.1 MIM</subfield>
    <subfield code="p">3010012061</subfield>
    <subfield code="r">2020-11-26</subfield>
    <subfield code="t">7</subfield>
    <subfield code="w">2020-11-26</subfield>
    <subfield code="y">BK</subfield>
  </datafield>
  <datafield tag="952" ind1=" " ind2=" ">
    <subfield code="0">0</subfield>
    <subfield code="1">0</subfield>
    <subfield code="2">ddc</subfield>
    <subfield code="4">0</subfield>
    <subfield code="7">0</subfield>
    <subfield code="a">UAPCL</subfield>
    <subfield code="b">UAPCL</subfield>
    <subfield code="c">General Stacks</subfield>
    <subfield code="d">2020-11-26</subfield>
    <subfield code="o">615.1 MIM</subfield>
    <subfield code="p">3010012062</subfield>
    <subfield code="r">2020-11-26</subfield>
    <subfield code="t">8</subfield>
    <subfield code="w">2020-11-26</subfield>
    <subfield code="y">BK</subfield>
  </datafield>
  <datafield tag="952" ind1=" " ind2=" ">
    <subfield code="0">0</subfield>
    <subfield code="1">0</subfield>
    <subfield code="2">ddc</subfield>
    <subfield code="4">0</subfield>
    <subfield code="7">0</subfield>
    <subfield code="a">UAPCL</subfield>
    <subfield code="b">UAPCL</subfield>
    <subfield code="c">General Stacks</subfield>
    <subfield code="d">2020-11-26</subfield>
    <subfield code="o">615.1 MIM</subfield>
    <subfield code="p">3010012063</subfield>
    <subfield code="r">2020-11-26</subfield>
    <subfield code="t">9</subfield>
    <subfield code="w">2020-11-26</subfield>
    <subfield code="y">BK</subfield>
  </datafield>
  <datafield tag="952" ind1=" " ind2=" ">
    <subfield code="0">0</subfield>
    <subfield code="1">0</subfield>
    <subfield code="2">ddc</subfield>
    <subfield code="4">0</subfield>
    <subfield code="7">0</subfield>
    <subfield code="a">UAPCL</subfield>
    <subfield code="b">UAPCL</subfield>
    <subfield code="c">General Stacks</subfield>
    <subfield code="d">2020-11-26</subfield>
    <subfield code="o">615.1 MIM</subfield>
    <subfield code="p">3010012069</subfield>
    <subfield code="r">2020-11-26</subfield>
    <subfield code="t">10</subfield>
    <subfield code="w">2020-11-26</subfield>
    <subfield code="y">BK</subfield>
  </datafield>
  <datafield tag="952" ind1=" " ind2=" ">
    <subfield code="0">0</subfield>
    <subfield code="1">0</subfield>
    <subfield code="2">ddc</subfield>
    <subfield code="4">0</subfield>
    <subfield code="7">0</subfield>
    <subfield code="a">UAPCL</subfield>
    <subfield code="b">UAPCL</subfield>
    <subfield code="c">General Stacks</subfield>
    <subfield code="d">2020-11-26</subfield>
    <subfield code="l">1</subfield>
    <subfield code="o">615.1 MIM</subfield>
    <subfield code="p">3010012060</subfield>
    <subfield code="r">2022-08-16</subfield>
    <subfield code="s">2022-08-10</subfield>
    <subfield code="t">11</subfield>
    <subfield code="w">2020-11-26</subfield>
    <subfield code="y">BK</subfield>
  </datafield>
  <datafield tag="952" ind1=" " ind2=" ">
    <subfield code="0">0</subfield>
    <subfield code="1">0</subfield>
    <subfield code="2">ddc</subfield>
    <subfield code="4">0</subfield>
    <subfield code="7">0</subfield>
    <subfield code="a">UAPCL</subfield>
    <subfield code="b">UAPCL</subfield>
    <subfield code="c">General Stacks</subfield>
    <subfield code="d">2020-11-26</subfield>
    <subfield code="o">615.1 MIM</subfield>
    <subfield code="p">3010012068</subfield>
    <subfield code="r">2020-11-26</subfield>
    <subfield code="t">12</subfield>
    <subfield code="w">2020-11-26</subfield>
    <subfield code="y">BK</subfield>
  </datafield>
  <datafield tag="952" ind1=" " ind2=" ">
    <subfield code="0">0</subfield>
    <subfield code="1">0</subfield>
    <subfield code="2">ddc</subfield>
    <subfield code="4">0</subfield>
    <subfield code="7">0</subfield>
    <subfield code="a">UAPCL</subfield>
    <subfield code="b">UAPCL</subfield>
    <subfield code="c">General Stacks</subfield>
    <subfield code="d">2020-11-26</subfield>
    <subfield code="l">1</subfield>
    <subfield code="o">615.1 MIM</subfield>
    <subfield code="p">3010012073</subfield>
    <subfield code="r">2022-08-23</subfield>
    <subfield code="s">2022-08-14</subfield>
    <subfield code="t">13</subfield>
    <subfield code="w">2020-11-26</subfield>
    <subfield code="y">BK</subfield>
  </datafield>
  <datafield tag="952" ind1=" " ind2=" ">
    <subfield code="0">0</subfield>
    <subfield code="1">0</subfield>
    <subfield code="2">ddc</subfield>
    <subfield code="4">0</subfield>
    <subfield code="7">0</subfield>
    <subfield code="a">UAPCL</subfield>
    <subfield code="b">UAPCL</subfield>
    <subfield code="c">General Stacks</subfield>
    <subfield code="d">2020-11-26</subfield>
    <subfield code="o">615.1 MIM</subfield>
    <subfield code="p">3010011394</subfield>
    <subfield code="r">2020-11-26</subfield>
    <subfield code="t">14</subfield>
    <subfield code="w">2020-11-26</subfield>
    <subfield code="y">BK</subfield>
  </datafield>
  <datafield tag="952" ind1=" " ind2=" ">
    <subfield code="0">0</subfield>
    <subfield code="1">0</subfield>
    <subfield code="2">ddc</subfield>
    <subfield code="4">0</subfield>
    <subfield code="7">0</subfield>
    <subfield code="a">UAPCL</subfield>
    <subfield code="b">UAPCL</subfield>
    <subfield code="c">General Stacks</subfield>
    <subfield code="d">2020-11-26</subfield>
    <subfield code="l">1</subfield>
    <subfield code="m">1</subfield>
    <subfield code="o">615.1 MIM</subfield>
    <subfield code="p">3010012066</subfield>
    <subfield code="r">2025-07-29</subfield>
    <subfield code="s">2025-07-12</subfield>
    <subfield code="t">15</subfield>
    <subfield code="w">2020-11-26</subfield>
    <subfield code="y">BK</subfield>
  </datafield>
  <datafield tag="952" ind1=" " ind2=" ">
    <subfield code="0">0</subfield>
    <subfield code="1">0</subfield>
    <subfield code="2">ddc</subfield>
    <subfield code="4">0</subfield>
    <subfield code="7">0</subfield>
    <subfield code="a">UAPCL</subfield>
    <subfield code="b">UAPCL</subfield>
    <subfield code="c">General Stacks</subfield>
    <subfield code="d">2020-11-26</subfield>
    <subfield code="o">615.1 MIM</subfield>
    <subfield code="p">3010012072</subfield>
    <subfield code="r">2020-11-26</subfield>
    <subfield code="t">16</subfield>
    <subfield code="w">2020-11-26</subfield>
    <subfield code="y">BK</subfield>
  </datafield>
  <datafield tag="952" ind1=" " ind2=" ">
    <subfield code="0">0</subfield>
    <subfield code="1">0</subfield>
    <subfield code="2">ddc</subfield>
    <subfield code="4">0</subfield>
    <subfield code="7">0</subfield>
    <subfield code="a">UAPCL</subfield>
    <subfield code="b">UAPCL</subfield>
    <subfield code="c">General Stacks</subfield>
    <subfield code="d">2020-11-26</subfield>
    <subfield code="l">1</subfield>
    <subfield code="o">615.1 MIM</subfield>
    <subfield code="p">3010012065</subfield>
    <subfield code="r">2022-08-25</subfield>
    <subfield code="s">2022-08-14</subfield>
    <subfield code="t">17</subfield>
    <subfield code="w">2020-11-26</subfield>
    <subfield code="y">BK</subfield>
  </datafield>
  <datafield tag="952" ind1=" " ind2=" ">
    <subfield code="0">0</subfield>
    <subfield code="1">0</subfield>
    <subfield code="2">ddc</subfield>
    <subfield code="4">0</subfield>
    <subfield code="7">0</subfield>
    <subfield code="a">UAPCL</subfield>
    <subfield code="b">UAPCL</subfield>
    <subfield code="c">General Stacks</subfield>
    <subfield code="d">2020-11-26</subfield>
    <subfield code="o">615.1 MIM</subfield>
    <subfield code="p">3010012059</subfield>
    <subfield code="r">2020-11-26</subfield>
    <subfield code="t">18</subfield>
    <subfield code="w">2020-11-26</subfield>
    <subfield code="y">BK</subfield>
  </datafield>
  <datafield tag="952" ind1=" " ind2=" ">
    <subfield code="0">0</subfield>
    <subfield code="1">0</subfield>
    <subfield code="2">ddc</subfield>
    <subfield code="4">0</subfield>
    <subfield code="7">0</subfield>
    <subfield code="a">UAPCL</subfield>
    <subfield code="b">UAPCL</subfield>
    <subfield code="c">General Stacks</subfield>
    <subfield code="d">2020-11-26</subfield>
    <subfield code="o">615.1 MIM</subfield>
    <subfield code="p">3010012070</subfield>
    <subfield code="r">2020-12-06</subfield>
    <subfield code="t">19</subfield>
    <subfield code="w">2020-11-26</subfield>
    <subfield code="y">BK</subfield>
  </datafield>
</record>
